[Event "AUTO-INT-589"]
[Site "http://www.queenalice.com/game.php?id=301202"]
[Date "2007.11.9"]
[Round "2"]
[White "Petruzza"]
[Black "doran"]
[Result "1-0"]
[WhiteElo "1711"]
[BlackElo "1935"]

1. e4 g6 2. Nf3 Bg7 3. c3 c6 4. d4 d5 5. e5 Bg4 6. h3 Bxf3 7. Qxf3 f6 8. exf6
exf6 9. g4 Nh6 10. h4 O-O 11. g5 Nf5 12. Bd3 Nd6 13. gxf6 Bxf6 14. Qg4 Nd7 15.
h5 Qe7+ 16. Kd1 Ne4 17. Bxe4 Qxe4 18. Qxe4 dxe4 19. hxg6 hxg6 20. Nd2 Rae8 21.
Nc4 Nb6 22. Nd6 Re7 23. Rh6 Kg7 24. Be3 Rd8 25. Bf4 g5 26. Nf5+ Kf7 27. Nxe7
gxf4 28. Nf5 c5 29. Ke2 Rd5 30. dxc5 Nc4 31. Nd6+ Nxd6 32. cxd6 Rxd6 33. Rh7+
1-0

[Event "AUTO-INT-589"]
[Site "http://www.queenalice.com/game.php?id=301203"]
[Date "2007.11.9"]
[Round "2"]
[White "doran"]
[Black "Petruzza"]
[Result "1-0"]
[WhiteElo "1909"]
[BlackElo "1736"]

1. Nf3 d6 2. d3 e5 3. e4 Nc6 4. g3 Nd4 5. Nxd4 exd4 6. Bg2 h5 7. h4 Bg4 8. f3
Be6 9. O-O c5 10. Nd2 f6 11. f4 g5 12. f5 Bd7 13. hxg5 fxg5 14. Nf3 Bh6 15. Bd2
g4 16. Nh4 Bxd2 17. Qxd2 Rc8 18. Qf4 Rc6 19. e5 Rb6 20. exd6 Qf6 21. b3 Qxd6 22.
Qxd6 Rxd6 23. Bxb7 Rhh6 24. Rae1+ Kf7 25. Ng6 Bc6 26. Bxc6 Rhxg6 27. fxg6+ Kxg6
28. Be4+ Kg7 29. Rf5 Nf6 30. Rxc5 Nxe4 31. Rxe4 Kg6 32. Ree5 h4 33. gxh4 Kh6 34.
Rh5+ Kg6 35. Rhg5+ Kh6 36. h5 a6 37. Rg6+ Rxg6 38. hxg6 Kxg6 39. Kg2 1-0

[Event "AUTO-OPEN-788"]
[Site "http://www.queenalice.com/game.php?id=309960"]
[Date "2007.11.25"]
[Round "2"]
[White "doran"]
[Black "Roman"]
[Result "0-1"]
[WhiteElo "1958"]
[BlackElo "1990"]

1. Nf3 d5 2. d3 Nf6 3. Nbd2 c5 4. g3 Nc6 5. Bg2 e5 6. e4 Be7 7. O-O O-O 8. Re1
h6 9. exd5 Nxd5 10. Nxe5 Nxe5 11. Rxe5 Be6 12. Qe2 Nb4 13. Nc4 Bf6 14. Rxc5 Bd4
15. Rb5 Bxc4 16. Rxb4 Ba6 17. Qg4 Bc5 18. Rb3 Qf6 19. Qf3 Qe7 20. Bd2 Qd7 21.
Be3 Rac8 22. Bxc5 Rxc5 23. c3 b6 24. Rd1 Rd8 25. d4 Rf5 26. Qe3 Re8 27. Qd2 Ra5
28. a3 Qd6 29. Bf1 Bxf1 30. Rxf1 Rd5 31. Re1 Rd8 32. a4 Qc6 33. Ra3 Qd6 34. Raa1
a5 35. Re2 Qc6 36. b3 b5 37. axb5 Rxb5 38. Qc2 Rdb8 39. Rae1 g6 40. c4 Rxb3 41.
Re8+ Rxe8 42. Rxe8+ Qxe8 43. Qxb3 Qe1+ 44. Kg2 Qe4+ 45. f3 Qe2+ 46. Kh3 Qf1+ 47.
Kg4 f5+ 48. Kf4 Qc1+ 49. Ke5 Qe1+ 50. Kf6 Qe8 51. Qb5 Qd8+ 52. Kxg6 Qg5# 0-1

[Event "AUTO-OPEN-788"]
[Site "http://www.queenalice.com/game.php?id=309961"]
[Date "2007.11.25"]
[Round "2"]
[White "Roman"]
[Black "doran"]
[Result "0-1"]
[WhiteElo "2012"]
[BlackElo "1918"]

1. e4 g6 2. d4 Bg7 3. Nf3 c6 4. Nc3 d5 5. e5 f6 6. Bd3 Nh6 7. O-O O-O 8. Re1 Bg4
9. h3 Bxf3 10. gxf3 fxe5 11. dxe5 e6 12. Kh2 Qh4 13. f4 Qxf2+ 14. Kh1 Nf5 15.
Bxf5 Rxf5 16. Be3 Qh4 17. Qf3 Nd7 18. Bd2 g5 19. Qg4 h6 20. Rg1 Qxg4 21. hxg4
Rf7 22. Ne2 Raf8 23. Nd4 Re8 24. Raf1 gxf4 25. Bxf4 Bxe5 26. Bxe5 Rxf1 0-1

[Event "AUTO-OPEN-788"]
[Site "http://www.queenalice.com/game.php?id=309962"]
[Date "2007.11.25"]
[Round "2"]
[White "doran"]
[Black "Alberlandes"]
[Result "0-1"]
[WhiteElo "1930"]
[BlackElo "2022"]

1. Nf3 d6 2. d3 e5 3. Nbd2 Nf6 4. e4 Be7 5. g3 Bg4 6. h3 Bd7 7. Bg2 Nc6 8. O-O
Qc8 9. Kh2 h5 10. Nc4 Ng4+ 11. Kg1 Nf6 12. Ne3 Bxh3 13. Bxh3 Qxh3 14. Ng5 Qd7
15. Nf5 Rg8 16. c3 Bf8 17. b4 g6 18. Qb3 gxf5 0-1

[Event "AUTO-OPEN-788"]
[Site "http://www.queenalice.com/game.php?id=309963"]
[Date "2007.11.25"]
[Round "2"]
[White "Alberlandes"]
[Black "doran"]
[Result "0-1"]
[WhiteElo "1991"]
[BlackElo "1893"]

1. d4 g6 2. e4 Bg7 3. Nf3 d6 4. Bd3 Bg4 5. Be3 Nc6 6. c3 e5 7. d5 Nce7 8. h3 Bd7
9. Nbd2 f5 10. Nc4 Nf6 11. Ng5 h6 12. Ne6 Bxe6 13. dxe6 fxe4 14. Bc2 Nc6 15. Qd2
Qe7 16. Bb3 O-O 17. Bxh6 Kh7 18. Bg5 Nd8 19. Ne3 Nxe6 20. Nd5 Qf7 21. Nxc7 Qxc7
22. Bxe6 Rae8 23. Bb3 Rd8 24. O-O d5 25. Qe1 Qc6 26. f3 exf3 27. Rxf3 Rd7 28.
Qxe5 Ne4 29. Qh2 Nxg5 30. Rxf8 Bxf8 31. Qf4 Qb6+ 32. Kh1 Bh6 33. Qf1 Ne4 34.
Bxd5 Ng3+ 0-1

[Event "HelderNanques"]
[Site "http://www.queenalice.com/game.php?id=314216"]
[Date "2007.12.3"]
[Round "2"]
[White "doran"]
[Black "Skartarys"]
[Result "0-1"]
[WhiteElo "1927"]
[BlackElo "1924"]

1. Nf3 d6 2. d3 Nf6 3. e4 e5 4. g3 Bg4 5. Nbd2 Nbd7 6. h3 Bxf3 7. Qxf3 h5 8. Bg2
Be7 9. Qe2 c6 10. f4 exf4 11. gxf4 Qb6 12. Nc4 Qc7 13. O-O O-O-O 14. e5 Ne8 15.
Bd2 dxe5 16. Nxe5 Nxe5 17. fxe5 f6 18. Bf4 f5 19. e6 Bd6 20. Bg5 g6 21. Bxd8
Qxd8 22. d4 Nf6 23. c4 Qc7 24. d5 c5 25. a3 Ng4 26. hxg4 Bh2+ 27. Kh1 hxg4 28.
Rae1 Bg3+ 29. Kg1 Bh2+ 30. Kf2 Qg3# 0-1

[Event "AUTO-INT-596"]
[Site "http://www.queenalice.com/game.php?id=329799"]
[Date "2008.1.2"]
[Round "2"]
[White "doran"]
[Black "vmarcel"]
[Result "1-0"]
[WhiteElo "1929"]
[BlackElo "1721"]

1. Nf3 e6 2. g3 Nf6 3. Bg2 d5 4. d3 h6 5. O-O c6 6. Nbd2 g5 7. e4 Bg7 8. e5 Ng4
9. d4 h5 10. h3 Nh6 11. Nh2 h4 12. g4 1-0

[Event "AUTO-ADV-635"]
[Site "http://www.queenalice.com/game.php?id=331989"]
[Date "2008.1.6"]
[Round "2"]
[White "gomery"]
[Black "doran"]
[Result "0-1"]
[WhiteElo "1776"]
[BlackElo "1937"]

1. e4 g6 2. d4 Bg7 3. Nc3 c6 4. Be3 d5 5. f3 Nh6 6. Bd3 O-O 7. Qd2 dxe4 8. fxe4
Ng4 9. Nf3 Nxe3 10. Qxe3 Qb6 11. O-O-O Bg4 12. Bc4 Na6 13. Rhf1 Rad8 14. Na4 Qa5
15. Nc3 e6 16. e5 h5 0-1

[Event "AUTO-ADV-635"]
[Site "http://www.queenalice.com/game.php?id=331997"]
[Date "2008.1.6"]
[Round "2"]
[White "doran"]
[Black "DURIN09"]
[Result "0-1"]
[WhiteElo "1947"]
[BlackElo "1925"]

1. Nf3 Nf6 2. d3 g6 3. g3 Bg7 4. Bg2 O-O 5. O-O c6 6. e4 d6 7. Nbd2 Bd7 8. Nh4
Qc8 9. f4 Bh3 10. f5 Bxg2 11. Kxg2 c5 12. Nc4 b5 13. Ne3 Nc6 14. g4 Ne5 15. Nf3
Nexg4 16. h3 Nxe3+ 17. Bxe3 Qb7 18. c3 a5 19. fxg6 fxg6 20. Ng5 Qd7 21. Qb3+ d5
22. Bxc5 Bh6 23. Nf3 Rac8 24. Bd4 Nh5 25. Ne5 Qe6 26. Ng4 Bg7 27. Bxg7 Kxg7 28.
exd5 Qe2+ 29. Rf2 Qxd3 30. Rd1 Qg3+ 31. Kh1 Rxf2 0-1

[Event "AUTO-ADV-635"]
[Site "http://www.queenalice.com/game.php?id=331998"]
[Date "2008.1.6"]
[Round "2"]
[White "DURIN09"]
[Black "doran"]
[Result "1-0"]
[WhiteElo "1972"]
[BlackElo "1912"]

1. d4 g6 2. c4 Bg7 3. Nc3 d6 4. e4 e5 5. d5 Nf6 6. Nf3 O-O 7. Be2 Nbd7 8. O-O
Nc5 9. Nd2 a5 10. a3 a4 11. b4 axb3 12. f3 Nfd7 13. Nxb3 f5 14. Be3 b6 15. Nxc5
Nxc5 16. Bxc5 bxc5 17. Qd2 Bd7 18. Bd1 Ra6 19. Nb5 Qb8 20. a4 Bxb5 21. cxb5 Ra7
22. Be2 Qa8 23. a5 fxe4 24. fxe4 Rxf1+ 25. Kxf1 Qf8+ 26. Bf3 Bh6 27. Qf2 Qf4 28.
h3 Qd2 29. Qxd2 Bxd2 30. a6 Kf8 31. Bg4 Ra8 32. Bd7 Ke7 33. Bc6 Ra7 34. Ke2 1-0

[Event "AUTO-OPEN-793"]
[Site "http://www.queenalice.com/game.php?id=343193"]
[Date "2008.1.26"]
[Round "2"]
[White "doran"]
[Black "aquiles88"]
[Result "0-1"]
[WhiteElo "1946"]
[BlackElo "2116"]

1. Nf3 Nf6 2. d3 g6 3. e4 d6 4. g3 Bg7 5. Bg2 O-O 6. O-O c5 7. Nbd2 Nc6 8. c3 e5
9. Nc4 h6 10. Ne1 Be6 0-1